Guide to drug financing mechanisms (Registro nro. 2014)

Detalles MARC
000 -LEADER
fixed length control field 00905nam a2200301 a 4500
003 - CONTROL NUMBER IDENTIFIER
control field OSt
005 - FECHA ULTIMA MODIFICACION
control field 20190627112824.0
008 - FIXED-LENGTH DATA ELEMENTS--GENERAL INFORMATION
fixed length control field 131106s1998 sz ||||| |||| 00| 0 eng d
020 ## - INTERNATIONAL STANDARD BOOK NUMBER
International Standard Book Number 92-4-154509-7
040 ## - CATALOGING SOURCE
Transcribing agency Biblioteca Medicina
041 ## - LANGUAGE CODE
Language code of text/sound track or separate title eng
082 ## - DEWEY DECIMAL CLASSIFICATION NUMBER
Classification number OMS QV 737
100 1# - MAIN ENTRY--PERSONAL NAME
Personal name Dumoulin, Jerome
9 (RLIN) 2384
110 ## - MAIN ENTRY--CORPORATE NAME
Corporate name or jurisdiction name as entry element Organizacion Mundial de la Salud
9 (RLIN) 1006
245 00 - TITLE STATEMENT
Title Guide to drug financing mechanisms
250 ## - EDITION STATEMENT
Edition statement 1° ed.
260 ## - PUBLICATION, DISTRIBUTION, ETC. (IMPRINT)
Place of publication, distribution, etc Ginebra
Name of publisher, distributor, etc Organizacion Mundial de la Salud
Date of publication, distribution, etc 1998
300 ## - PHYSICAL DESCRIPTION
Extent 55 p.
500 ## - GENERAL NOTE
General note Baja Depósito Caja 33 Junio 2019
546 ## - LANGUAGE NOTE
Language note Texto en ingles
653 ## - INDEX TERM--UNCONTROLLED
Uncontrolled term SERVICIOS FARMACEUTICOS-ECONOMIA
653 ## - INDEX TERM--UNCONTROLLED
Uncontrolled term PRESCRIPCIONES
653 ## - INDEX TERM--UNCONTROLLED
Uncontrolled term UTILIZACION DE MEDICAMENTOS-ECONOMIA
653 ## - INDEX TERM--UNCONTROLLED
Uncontrolled term PREPARACIONES FARMACEUTICAS-PROVISION Y DISTRIBUCION
700 10 - ADDED ENTRY--PERSONAL NAME
Personal name Kaddar, Miloud
9 (RLIN) 2385
700 10 - ADDED ENTRY--PERSONAL NAME
Personal name Velasquez, German
9 (RLIN) 2386
942 ## - ADDED ENTRY ELEMENTS (KOHA)
Source of classification or shelving scheme Dewey Decimal Classification
Koha item type Hemeroteca
Existencias
Withdrawn status Lost status Fuente de clasificación Damaged status Use restrictions Not for loan Colección Ubicación permanente Ubicación actual Sala de ubicación Fecha de adquisición Total Checkouts Número de clasificación Código de barras Date last seen Número de ejemplar Price effective from Koha tipo de elemento (item)
    Dewey Decimal Classification   Restricted Access Not For Loan Non-fiction Biblioteca Medicina Biblioteca Medicina Circulación 06/11/2013   OMS QV 737 H0265 06/11/2014 Ej. 1 06/11/2013 Hemeroteca

UNIVERSIDAD NACIONAL DEL COMAHUE
Biblioteca de la Facultad de Ciencias Médicas
Sede Toschi: Los Arrayanes y Av. Toschi, Cipolletti  - Rio Negro
Sede Los Tordos:  Yrigoyen al 2211, Cipolletti - Rio Negro 

Teléfono: 0299 - 4774707 int 25
Contacto: biblioteca@facimed.uncoma.edu.ar
© 2011 - 2026